[Event "30th Cracovia Festival-A 2019"]
[Site "Krakow"]
[Date "2019.12.27"]
[Round "1.1"]
[White "Kucza, Karol"]
[Black "Tomczak, Jacek"]
[Result "0-1"]
[WhiteElo "2263"]
[BlackElo "2605"]
[Annotator "ChessBase"]
[PlyCount "60"]
[EventDate "2019.12.27"]
[EventCountry "POL"]
[SourceTitle "playchess.com"]
[Source "ChessBase"]
[SourceQuality "1"]

1. e4 e6 2. d4 d5 3. Nc3 Nf6 4. e5 Nfd7 5. f4 c5 6. Nf3 Qb6 7. Be3 a6 8. Na4 Qa5+ 9. c3 cxd4 10. b4 Qc7 11. Bxd4 Nc6 12. Be2 b5 13. Nb2 a5 14. Bxb5 axb4 15. Bxc6 Qxc6 16. cxb4 Bxb4+ 17. Kf2 Nc5 18. Bxc5 Bxc5+ 19. Kg3 Qb6 20. Nd3 Be3 21. Qc2 O-O 22. Rhb1 Qa7 23. Nb4 f6 24. Rb3 fxe5 25. fxe5 Bd7 26. Nc6 Qa4 27. Nb4 Rac8 28. Qb2 Rc4 29. Rxe3 Rxb4 30. Ra3 Rxb2 0-1

[Event "30th Cracovia Festival-A 2019"]
[Site "Krakow"]
[Date "2019.12.27"]
[Round "1.2"]
[White "Moroni, Luca Jr"]
[Black "Vojtek, Vladimir"]
[Result "1-0"]
[WhiteElo "2528"]
[BlackElo "2263"]
[Annotator "ChessBase"]
[PlyCount "93"]
[EventDate "2019.12.27"]
[EventCountry "POL"]
[SourceTitle "playchess.com"]
[Source "ChessBase"]
[SourceQuality "1"]

1. d4 d5 2. c4 e6 3. Nc3 c5 4. cxd5 exd5 5. Nf3 Nc6 6. g3 Nf6 7. Bg2 Be7 8. O-O O-O 9. b3 Re8 10. Bb2 b6 11. Rc1 Ba6 12. Re1 Rc8 13. a3 Qd6 14. dxc5 bxc5 15. Nh4 g6 16. Na4 Ne5 17. Nxc5 Rxc5 18. Rxc5 Qxc5 19. Bxe5 Qxa3 20. Nf3 Bb7 21. Qd3 Qb4 22. Bc3 Qb6 23. e3 Ne4 24. Bd4 Nc5 25. Qb1 Qb4 26. Re2 a5 27. Rb2 Ne6 28. Be5 f6 29. Bd4 Nxd4 30. Nxd4 Bc5 31. Ne2 Kg7 32. Nf4 Bd6 33. Nxd5 Bxd5 34. Bxd5 Rb8 35. Qd3 a4 36. Kg2 Be5 37. Ra2 a3 38. Rc2 Rd8 39. e4 Qa5 40. Qe2 Bb2 41. b4 Qa7 42. b5 Rxd5 43. exd5 a2 44. b6 Qa3 45. Rc7+ Kh6 46. Qd2+ g5 47. Qc2 1-0

[Event "30th Cracovia Festival-A 2019"]
[Site "Krakow"]
[Date "2019.12.27"]
[Round "1.3"]
[White "Antolak, Julia"]
[Black "Tazbir, Marcin"]
[Result "0-1"]
[WhiteElo "2249"]
[BlackElo "2525"]
[Annotator "ChessBase"]
[PlyCount "118"]
[EventDate "2019.12.27"]
[EventCountry "POL"]
[SourceTitle "playchess.com"]
[Source "ChessBase"]
[SourceQuality "1"]

1. e4 c5 2. Nf3 Nc6 3. Nc3 d6 4. d4 cxd4 5. Nxd4 e6 6. Be3 a6 7. f4 Nxd4 8. Qxd4 Ne7 9. O-O-O Nc6 10. Qb6 Be7 11. Qxd8+ Nxd8 12. Bb6 f6 13. Bc4 Bd7 14. Bb3 Rc8 15. Ne2 Nf7 16. Nd4 Bd8 17. Bxd8 Nxd8 18. f5 e5 19. Ne2 Ke7 20. Rd2 b5 21. Nc3 Bc6 22. Rhd1 Nb7 23. Nd5+ Bxd5 24. Bxd5 Nc5 25. b4 Na4 26. Bb3 Nc3 27. Re1 a5 28. bxa5 b4 29. Kb2 Rc5 30. Rd3 Ra8 31. Ree3 Ra6 32. Rg3 Kf8 33. Rge3 Rcxa5 34. g4 Ke7 35. h3 Nxa2 36. Bxa2 Rxa2+ 37. Kb3 R6a4 38. Re1 R2a3+ 39. Kb2 Rxd3 40. cxd3 Ra3 41. Rd1 d5 42. exd5 Kd6 43. h4 Kxd5 44. Ra1 Rxd3 45. Ra7 h5 46. g5 Ke4 47. Rxg7 Kxf5 48. gxf6 Kxf6 49. Rg5 e4 50. Rxh5 e3 51. Rh8 Rd7 52. Re8 Re7 53. Rf8+ Kg6 54. Rf1 e2 55. Re1 Kh5 56. Kc2 Kg4 57. Kd2 Kf3 58. Rh1 Rd7+ 59. Kc2 Kg2 0-1

[Event "30th Cracovia Festival-A 2019"]
[Site "Krakow"]
[Date "2019.12.27"]
[Round "1.4"]
[White "Vetoshko, Volodymyr"]
[Black "Gahan M G"]
[Result "1-0"]
[WhiteElo "2511"]
[BlackElo "2245"]
[Annotator "ChessBase"]
[PlyCount "148"]
[EventDate "2019.12.27"]
[EventCountry "POL"]
[SourceTitle "playchess.com"]
[Source "ChessBase"]
[SourceQuality "1"]

1. e4 Nf6 2. e5 Nd5 3. d4 d6 4. Nf3 g6 5. exd6 Qxd6 6. c4 Nf6 7. Nc3 Bg4 8. Be2 Bg7 9. O-O O-O 10. h3 Bxf3 11. Bxf3 Nc6 12. Nb5 Qd7 13. Bf4 Ne8 14. d5 Ne5 15. Be2 c6 16. Nc3 cxd5 17. cxd5 Nd6 18. Re1 Nec4 19. Qb3 Qf5 20. Bg3 Nd2 21. Qd1 N2c4 22. Qb3 Nd2 23. Qd1 N2c4 24. Bxc4 Nxc4 25. Qb3 Ne5 26. Qxb7 Rfe8 27. Rad1 Rab8 28. Qxa7 Rxb2 29. Ne4 Rb4 30. Nc5 Rc4 31. Nb3 h5 32. Nd4 Qd7 33. Qxd7 Nxd7 34. Nb5 Nf6 35. d6 exd6 36. Nxd6 Rxe1+ 37. Rxe1 Ra4 38. Re2 Nd5 39. Re8+ Bf8 40. Nb5 Nf6 41. Re2 Ne4 42. Be5 Bc5 43. Nc3 Nxc3 44. Bxc3 Bd4 45. Re8+ Kh7 46. Bxd4 Rxd4 47. Re1 Kg7 48. Ra1 Ra4 49. Kf1 Kf6 50. Ke2 Ke5 51. Kd3 Kd5 52. Kc3 Kc5 53. Rc1 Rf4 54. Rc2 g5 55. Kd3+ Kd5 56. Rd2 f5 57. a3 Rc4 58. Ra2 Ra4 59. Kc3 Kc5 60. Kb3 Rf4 61. a4 Kb6 62. a5+ Ka6 63. Kc3 g4 64. h4 g3 65. fxg3 Rg4 66. Rf2 Rxg3+ 67. Rf3 Rg4 68. g3 f4 69. gxf4 Rxh4 70. f5 Ra4 71. Rf1 Ra3+ 72. Kd4 Ra4+ 73. Kd5 Rxa5+ 74. Ke6 h4 1-0

[Event "30th Cracovia Festival-A 2019"]
[Site "Krakow"]
[Date "2019.12.27"]
[Round "1.5"]
[White "Gbyl, Andrzej"]
[Black "Girish, A. Koushik"]
[Result "0-1"]
[WhiteElo "2243"]
[BlackElo "2506"]
[Annotator "ChessBase"]
[PlyCount "106"]
[EventDate "2019.12.27"]
[EventCountry "POL"]
[SourceTitle "playchess.com"]
[Source "ChessBase"]
[SourceQuality "1"]

1. d4 Nf6 2. c4 e6 3. Nf3 d5 4. Nc3 c6 5. Bg5 h6 6. Bh4 dxc4 7. e4 g5 8. Bg3 b5 9. Be2 Bb7 10. Qc2 Nbd7 11. Rd1 Qb6 12. Ne5 Bg7 13. O-O O-O 14. Kh1 c5 15. Nxd7 Nxd7 16. d5 e5 17. Rb1 a6 18. Nd1 Nf6 19. Ne3 Bc8 20. Bxe5 Re8 21. Bxf6 Qxf6 22. Bg4 Qf4 23. Bxc8 Raxc8 24. Nf5 Rxe4 25. Ng3 Re5 26. Rbd1 Rd8 27. d6 Re6 28. Nf5 Be5 29. g3 Qf3+ 30. Kg1 Rf6 31. Ne7+ Kg7 32. Rd5 Bd4 33. Rf5 Qd3 34. Qxd3 cxd3 35. Rd5 Bxb2 36. Rxc5 Ba3 37. Rd5 Bxd6 38. Nf5+ Kg6 39. g4 Re6 40. Kg2 Bc7 41. Rxd8 Bxd8 42. Rd1 h5 43. h3 hxg4 44. hxg4 Re4 45. Kh3 Bb6 46. Rxd3 Bxf2 47. Rd8 Kf6 48. Rh8 Ra4 49. Rh6+ Ke5 50. Rh7 Ra3+ 51. Kg2 Rxa2 52. Rxf7 Bc5+ 53. Kf3 b4 0-1

[Event "30th Cracovia Festival-A 2019"]
[Site "Krakow"]
[Date "2019.12.27"]
[Round "1.6"]
[White "Gumularz, Szymon"]
[Black "Bugalski, Michal"]
[Result "1/2-1/2"]
[WhiteElo "2493"]
[BlackElo "2241"]
[Annotator "ChessBase"]
[PlyCount "51"]
[EventDate "2019.12.27"]
[EventCountry "POL"]
[SourceTitle "playchess.com"]
[Source "ChessBase"]
[SourceQuality "1"]

1. e4 e6 2. d4 d5 3. Nd2 Nf6 4. e5 Nfd7 5. Bd3 c5 6. c3 Nc6 7. Ngf3 cxd4 8. cxd4 Qb6 9. O-O Nxd4 10. Nxd4 Qxd4 11. Nf3 Qb6 12. Qa4 Qb4 13. Qc2 Nc5 14. Bd2 Qb6 15. Be3 Qb4 16. Be2 Bd7 17. Nd4 Na4 18. Rfc1 Qxb2 19. Qxb2 Nxb2 20. Rab1 Nc4 21. Bxc4 dxc4 22. Rxb7 Rc8 23. Rxa7 Bc5 24. Rb7 Bxd4 25. Bxd4 Bc6 26. Rb6 1/2-1/2

[Event "30th Cracovia Festival-A 2019"]
[Site "Krakow"]
[Date "2019.12.27"]
[Round "1.7"]
[White "Niedbala, Bartlomiej"]
[Black "Golubka, Petro"]
[Result "1-0"]
[WhiteElo "2239"]
[BlackElo "2479"]
[Annotator "ChessBase"]
[PlyCount "53"]
[EventDate "2019.12.27"]
[EventCountry "POL"]
[SourceTitle "playchess.com"]
[Source "ChessBase"]
[SourceQuality "1"]

1. d4 Nf6 2. c4 g6 3. Nc3 d5 4. cxd5 Nxd5 5. e4 Nxc3 6. bxc3 Bg7 7. Nf3 c5 8. Rb1 O-O 9. Be2 Nd7 10. O-O Nf6 11. Qd3 b6 12. Bf4 Bg4 13. d5 e6 14. h3 Nxd5 15. exd5 Bf5 16. Qe3 e5 17. Nxe5 Bxb1 18. Nc6 Qf6 19. Be5 Qh4 20. Bxg7 Rfe8 21. Qh6 Qxh6 22. Bxh6 Bxa2 23. Bf3 Bc4 24. Rd1 Bb3 25. Rd2 Rad8 26. Nxd8 Rxd8 27. Bg5 1-0

[Event "30th Cracovia Festival-A 2019"]
[Site "Krakow"]
[Date "2019.12.27"]
[Round "1.8"]
[White "Jarmula, Lukasz"]
[Black "Milikow, Yoav"]
[Result "0-1"]
[WhiteElo "2466"]
[BlackElo "2236"]
[Annotator "ChessBase"]
[PlyCount "90"]
[EventDate "2019.12.27"]
[EventCountry "POL"]
[SourceTitle "playchess.com"]
[Source "ChessBase"]
[SourceQuality "1"]

1. e4 e6 2. d4 d5 3. Nd2 c5 4. Ngf3 Nc6 5. exd5 exd5 6. Bb5 Qe7+ 7. Be2 Qc7 8. O-O Nf6 9. dxc5 Bxc5 10. Nb3 Be7 11. Nfd4 O-O 12. Re1 Bd7 13. Nb5 Qd8 14. Bf4 a6 15. N5d4 Re8 16. a4 Ne4 17. a5 Nxd4 18. Nxd4 Bb4 19. c3 Bxa5 20. Bf3 Bb6 21. Be3 Rc8 22. Qb3 Bxd4 23. Bxd4 Bc6 24. Bg4 Bd7 25. Bf3 Bb5 26. Rad1 Qd7 27. Bxe4 dxe4 28. Bxg7 Qc6 29. c4 Ba4 30. Qg3 Qg6 31. Ra1 Qxg3 32. hxg3 Rxc4 33. Bc3 f5 34. f3 Re6 35. Kf2 Bc2 36. Rac1 Bd3 37. Ke3 b5 38. f4 Rg6 39. Kf2 Rgc6 40. Rh1 b4 41. Bd2 Rc2 42. Ke3 b3 43. Rhg1 R6c4 44. Rxc2 Rxc2 45. Bc1 a5 0-1

[Event "30th Cracovia Festival-A 2019"]
[Site "Krakow"]
[Date "2019.12.27"]
[Round "1.9"]
[White "Chmiel, Marcin"]
[Black "Brodowski, Piotr"]
[Result "1/2-1/2"]
[WhiteElo "2230"]
[BlackElo "2445"]
[Annotator "ChessBase"]
[PlyCount "90"]
[EventDate "2019.12.27"]
[EventCountry "POL"]
[SourceTitle "playchess.com"]
[Source "ChessBase"]
[SourceQuality "1"]

1. c4 e5 2. g3 Nc6 3. Bg2 Bc5 4. Nc3 a6 5. Nf3 d6 6. O-O Ba7 7. a3 Nge7 8. b4 Be6 9. d3 Qd7 10. Be3 Bxe3 11. fxe3 h6 12. b5 axb5 13. cxb5 Na5 14. d4 exd4 15. exd4 Nd5 16. Qd3 Nb6 17. d5 Bf5 18. Qe3+ Qe7 19. Qf4 Bd7 20. Nd4 O-O 21. Be4 Nac4 22. a4 Qg5 23. Qxg5 hxg5 24. Bd3 Na5 25. h4 gxh4 26. gxh4 Rfe8 27. Rf4 Re5 28. Raf1 Nxd5 29. Nxd5 Rxd5 30. Bb1 Nc4 31. Rxf7 Rxd4 32. Rxd7 Nd2 33. Ba2+ Kh8 34. Rff7 Rg4+ 35. Kf2 Raxa4 36. Be6 Ne4+ 37. Kf3 Rg3+ 38. Kf4 Rg6 39. Kf5 Rg1 40. Bb3 Rf1+ 41. Kg6 Rg1+ 42. Kf5 Ng3+ 43. Ke6 Re4+ 44. Kd5 Rb1 45. Rxc7 Rxb3 {Kxe4} 1/2-1/2

[Event "30th Cracovia Festival-A 2019"]
[Site "Krakow"]
[Date "2019.12.27"]
[Round "1.10"]
[White "Grinev, Valeriy"]
[Black "Bus, Konrad"]
[Result "1-0"]
[WhiteElo "2441"]
[BlackElo "2214"]
[Annotator "NA"]
[PlyCount "111"]
[EventDate "2019.12.27"]
[EventCountry "POL"]
[SourceTitle "playchess.com"]
[Source "ChessBase"]
[SourceQuality "1"]

1. d4 d5 2. c4 c6 3. Nf3 Nf6 4. Nc3 e6 5. e3 a6 6. Qc2 c5 7. cxd5 exd5 8. Be2 Nc6 9. O-O cxd4 10. Nxd4 Nxd4 11. exd4 Be7 12. Qb3 O-O 13. Bf3 Be6 14. Qxb7 Qd6 15. Qb3 Rab8 16. Qd1 Rfc8 17. Re1 Qb4 18. Bf4 Rb7 19. Re2 Rc4 20. Be5 Qa5 21. Bxf6 gxf6 22. a3 f5 23. Qd2 Qd8 24. Rd1 Bg5 25. Qe1 Kg7 26. Re5 Rd7 27. Qe2 Rc6 28. Na4 Bf4 29. Nc5 Bxe5 30. Qxe5+ Kg8 31. Nxd7 Qxd7 32. h4 Qc7 33. Bxd5 Qxe5 34. dxe5 Bxd5 35. Rxd5 Rc1+ 36. Kh2 Rc2 37. b4 Rxf2 38. Ra5 f4 39. Kg1 Rb2 40. Rxa6 h5 41. Rf6 Rb3 42. Rxf4 Rxa3 43. Rf3 Ra1+ 44. Rf1 Ra6 45. Rb1 Kg7 46. b5 Rb6 47. Kf2 Kg6 48. Ke3 Kf5 49. Kd4 Kg4 50. Kc5 Re6 51. b6 Rxe5+ 52. Kd6 Re8 53. b7 Rb8 54. Kc7 Rxb7+ 55. Rxb7 Kxh4 56. Rb3 1-0

[Event "30th Cracovia Festival-A 2019"]
[Site "Krakow"]
[Date "2019.12.27"]
[Round "1.11"]
[White "Sanz Wawer, Daniel"]
[Black "Nikitenko, Mihail"]
[Result "0-1"]
[WhiteElo "2212"]
[BlackElo "2422"]
[Annotator "NA"]
[PlyCount "82"]
[EventDate "2019.12.27"]
[EventCountry "POL"]
[SourceTitle "playchess.com"]
[Source "ChessBase"]
[SourceQuality "1"]

1. d4 d5 2. c4 c6 3. cxd5 cxd5 4. Bf4 Nc6 5. e3 Nf6 6. Nc3 e6 7. Bd3 Be7 8. h3 Bd7 9. Nf3 O-O 10. O-O Qb6 11. Qe2 Rfc8 12. Rac1 Qd8 13. a3 Be8 14. Rc2 Na5 15. Nd2 Nc6 16. Nf3 Nd7 17. Rfc1 Nb6 18. Nb1 f6 19. Nbd2 Bh5 20. Bh2 Bd6 21. Nb3 Bxh2+ 22. Kxh2 Qd6+ 23. Kg1 e5 24. dxe5 fxe5 25. g4 Bf7 26. Bf5 Rf8 27. Nc5 Nd8 28. Rd2 Qe7 29. Bb1 Nc4 30. Rdd1 Qxc5 31. b3 e4 32. Ng5 Qe7 33. Nxf7 Nxf7 34. bxc4 Ng5 35. Kg2 Rf3 36. Rh1 d4 37. exd4 Raf8 38. Rcf1 R8f4 39. c5 Qd7 40. Rfg1 Qxd4 41. Rf1 e3 0-1

[Event "30th Cracovia Festival-A 2019"]
[Site "Krakow"]
[Date "2019.12.27"]
[Round "1.12"]
[White "Goluch, Piotr"]
[Black "Zherebtsova, Alexandra"]
[Result "0-1"]
[WhiteElo "2415"]
[BlackElo "2209"]
[Annotator "NA"]
[PlyCount "80"]
[EventDate "2019.12.27"]
[EventCountry "POL"]
[SourceTitle "playchess.com"]
[Source "ChessBase"]
[SourceQuality "1"]

1. Nf3 d5 2. g3 g6 3. c4 c6 4. Qa4 dxc4 5. Qxc4 Bg7 6. Bg2 e5 7. O-O Ne7 8. d3 O-O 9. Nbd2 Be6 10. Qc2 h6 11. Ne4 Nd7 12. Bd2 f5 13. Nc3 c5 14. Rac1 Rc8 15. Qa4 Nc6 16. Nb5 a6 17. Nc3 g5 18. Qa3 Rf7 19. Ne1 Bf8 20. Qa4 Nb6 21. Qd1 c4 22. Be3 Rd7 23. Rc2 Nb4 24. Rd2 N6d5 25. a3 Nxc3 26. bxc3 Nd5 27. Bxd5 Rxd5 28. dxc4 Rxd2 29. Bxd2 Rxc4 30. Nc2 Rc7 31. Qe1 Rd7 32. Bc1 Bb3 33. Na1 Rd1 34. Nxb3 Rxe1 35. Rxe1 Qc7 36. Bd2 Bxa3 37. Ra1 Bf8 38. Kf1 Qc4 39. Na5 Qd5 40. f3 Qxd2 0-1

[Event "30th Cracovia Festival-A 2019"]
[Site "Krakow"]
[Date "2019.12.27"]
[Round "1.13"]
[White "Zaleski, Lukasz"]
[Black "Kopylov, Michael"]
[Result "0-1"]
[WhiteElo "2207"]
[BlackElo "2411"]
[Annotator "NA"]
[PlyCount "88"]
[EventDate "2019.12.27"]
[EventCountry "POL"]
[SourceTitle "playchess.com"]
[Source "ChessBase"]
[SourceQuality "1"]

1. e4 Nf6 2. e5 Nd5 3. d4 d6 4. Nf3 Bg4 5. Be2 e6 6. O-O Be7 7. c4 Nb6 8. exd6 cxd6 9. b3 Nc6 10. Bb2 O-O 11. Nbd2 d5 12. c5 Nd7 13. a3 a5 14. Bc3 Bf6 15. b4 Re8 16. Re1 e5 17. dxe5 Ndxe5 18. Nxe5 Bxe2 19. Rxe2 Nxe5 20. Bd4 Qd7 21. Rb1 axb4 22. axb4 Qb5 23. Re3 Nd7 24. Qe1 Rxe3 25. Qxe3 h6 26. Nf3 Qc4 27. Bxf6 Nxf6 28. h3 Ne4 29. Qd4 Nc3 30. Qxc4 dxc4 31. Rb2 Nd5 32. b5 c3 33. Rc2 Rc8 34. c6 bxc6 35. Nd4 cxb5 36. Nxb5 Rc5 37. Nd4 Nb4 38. Nb3 Rc4 39. Rc1 c2 40. Na1 Rd4 41. Kh2 Rd1 42. Nb3 Kf8 43. f3 Ke7 44. Kg3 Kd6 0-1

[Event "30th Cracovia Festival-A 2019"]
[Site "Krakow"]
[Date "2019.12.27"]
[Round "1.14"]
[White "Lewtak, Damian"]
[Black "Klepek, Witold"]
[Result "1/2-1/2"]
[WhiteElo "2379"]
[BlackElo "2201"]
[Annotator "NA"]
[PlyCount "82"]
[EventDate "2019.12.27"]
[EventCountry "POL"]
[SourceTitle "playchess.com"]
[Source "ChessBase"]
[SourceQuality "1"]

1. c4 Nf6 2. Nf3 e6 3. b3 d5 4. e3 c5 5. Bb2 Be7 6. g3 Nc6 7. Bg2 O-O 8. O-O b6 9. Nc3 Bb7 10. d3 Qd7 11. Qe2 Rfd8 12. Rfd1 Rac8 13. Rac1 dxc4 14. bxc4 Qc7 15. d4 Ba6 16. Nb5 Qb8 17. a4 Nb4 18. dxc5 bxc5 19. Rxd8+ Rxd8 20. Be5 Qa8 21. Ne1 Bb7 22. Bxb7 Qxb7 23. Rd1 Rd7 24. f3 h6 25. Bb2 Qa6 26. Bxf6 Rxd1 27. Bxe7 Rc1 28. Qd2 Nd3 29. Qxd3 Rxe1+ 30. Kf2 Ra1 31. Qd8+ Kh7 32. Qd3+ f5 33. Nc3 Qb6 34. g4 Qb2+ 35. Ne2 Ra3 36. Qd1 Ra1 37. Qd3 Ra3 38. Bf6 gxf6 39. Qd7+ Kh8 40. Qe8+ Kg7 41. Qe7+ Kh8 1/2-1/2

[Event "30th Cracovia Festival-A 2019"]
[Site "Krakow"]
[Date "2019.12.27"]
[Round "1.15"]
[White "Nikolaidis, Konstantinos"]
[Black "Kozak, Antoni"]
[Result "0-1"]
[WhiteElo "2200"]
[BlackElo "2372"]
[Annotator "NA"]
[PlyCount "92"]
[EventDate "2019.12.27"]
[EventCountry "POL"]
[SourceTitle "playchess.com"]
[Source "ChessBase"]
[SourceQuality "1"]

1. e4 c5 2. Nf3 Nf6 3. e5 Nd5 4. Nc3 e6 5. Ne4 f5 6. exf6 Nxf6 7. Qe2 Be7 8. d4 cxd4 9. Nxd4 O-O 10. g3 Nxe4 11. Qxe4 d5 12. Qe2 e5 13. Nb3 Nc6 14. Bg2 e4 15. Bf4 Bg5 16. Bxg5 Qxg5 17. O-O Ne5 18. Qd2 Qxd2 19. Nxd2 b6 20. f4 Ng4 21. Rfe1 Ba6 22. c4 dxc4 23. Nxe4 Rad8 24. Bh3 Bc8 25. Rac1 Rd4 26. b3 cxb3 27. axb3 Bf5 28. Bxg4 Bxg4 29. Ng5 Rd7 30. h3 h6 31. hxg4 hxg5 32. f5 g6 33. Rc6 gxf5 34. Rg6+ Rg7 35. Rxg7+ Kxg7 36. Re5 Kg6 37. Re7 fxg4 38. Rxa7 Rf3 39. Kg2 Rxb3 40. Re7 Rb2+ 41. Kf1 Kf5 42. Re8 b5 43. Re3 b4 44. Re8 Rb3 45. Kg2 Rc3 46. Kf2 Rc2+ 0-1

[Event "30th Cracovia Festival-A 2019"]
[Site "Krakow"]
[Date "2019.12.27"]
[Round "1.16"]
[White "Fus, Jakub"]
[Black "Damen, Jip"]
[Result "1-0"]
[WhiteElo "2363"]
[BlackElo "2199"]
[Annotator "NA"]
[PlyCount "82"]
[EventDate "2019.12.27"]
[EventCountry "POL"]
[SourceTitle "playchess.com"]
[Source "ChessBase"]
[SourceQuality "1"]

1. e4 d6 2. d4 Nf6 3. Nc3 g6 4. Nf3 Bg7 5. h3 O-O 6. Be2 c6 7. O-O b5 8. a3 a6 9. Be3 Bb7 10. e5 dxe5 11. dxe5 Nd5 12. Nxd5 cxd5 13. Qd2 Re8 14. Bh6 Bh8 15. e6 fxe6 16. Ng5 Qd6 17. Bg4 Bc8 18. Rad1 Nc6 19. Rfe1 Nd4 20. c3 Nf5 21. Bxf5 exf5 22. Qxd5+ Qxd5 23. Rxd5 Bf6 24. Rc5 Ra7 25. Nf3 Rd7 26. Bg5 Bg7 27. Rxe7 Rdxe7 28. Bxe7 Bb7 29. Rc7 Bxf3 30. gxf3 Bh6 31. Kf1 Bc1 32. b3 Bb2 33. c4 bxc4 34. bxc4 Rb8 35. c5 Rb3 36. c6 Rc3 37. Bd6 Rc1+ 38. Ke2 Bf6 39. Rc8+ Kf7 40. c7 Ke6 41. Rd8 Kd5 1-0

[Event "30th Cracovia Festival-A 2019"]
[Site "Krakow"]
[Date "2019.12.27"]
[Round "1.17"]
[White "Kasperek, Ryszard"]
[Black "Webersberger, Johann"]
[Result "1/2-1/2"]
[WhiteElo "2197"]
[BlackElo "2358"]
[Annotator "NA"]
[PlyCount "65"]
[EventDate "2019.12.27"]
[EventCountry "POL"]
[SourceTitle "playchess.com"]
[Source "ChessBase"]
[SourceQuality "1"]

1. e4 g6 2. d4 Bg7 3. Nc3 d6 4. f4 a6 5. Nf3 b5 6. Bd3 Nd7 7. a4 b4 8. Ne2 c5 9. c3 Rb8 10. O-O bxc3 11. bxc3 Bb7 12. Rb1 Qc7 13. Ng3 cxd4 14. cxd4 Ngf6 15. Qe2 O-O 16. Bd2 Ba8 17. e5 Rxb1 18. Bxb1 dxe5 19. fxe5 Ng4 20. Ng5 h5 21. Nxf7 Rxf7 22. Ba2 e6 23. Bxe6 Ndxe5 24. Kh1 Kh7 25. dxe5 Rxf1+ 26. Nxf1 Qxe5 27. Bxg4 hxg4 28. Qxg4 Qa1 29. Qh4+ Kg8 30. Qc4+ Kh7 31. Qh4+ Kg8 32. Qc4+ Kh7 33. Qg4 1/2-1/2

[Event "30th Cracovia Festival-A 2019"]
[Site "Krakow"]
[Date "2019.12.27"]
[Round "1.18"]
[White "Kruglyakov, Pavlo"]
[Black "Brozyna, Mateusz"]
[Result "1/2-1/2"]
[WhiteElo "2357"]
[BlackElo "2188"]
[Annotator "ChessBase"]
[PlyCount "129"]
[EventDate "2019.12.27"]
[EventCountry "POL"]
[SourceTitle "playchess.com"]
[Source "ChessBase"]
[SourceQuality "1"]

1. e4 e5 2. Nf3 Nc6 3. d4 exd4 4. Nxd4 Bc5 5. Nb3 Bb6 6. Nc3 Nf6 7. Qe2 O-O 8. Bg5 h6 9. Bh4 Nd4 10. Qd3 Nxb3 11. cxb3 Qe7 12. O-O-O Ba5 13. f3 Bxc3 14. Qxc3 d6 15. Bc4 Qe5 16. Qd2 Be6 17. Rhe1 Bxc4 18. bxc4 Rfe8 19. Kb1 a6 20. Bg3 Qe6 21. c5 dxc5 22. Bxc7 Rec8 23. Qd6 Qxd6 24. Bxd6 Rc6 25. e5 Ne8 26. Be7 Rc7 27. Bd8 Rcc8 28. Ba5 Rc6 29. Rd7 b6 30. Bc3 Rc7 31. Red1 Rac8 32. f4 Rxd7 33. Rxd7 Nc7 34. Kc2 Kf8 35. Rd6 Rb8 36. f5 Ke7 37. a4 Ne8 38. Rd3 b5 39. f6+ Kf8 40. fxg7+ Nxg7 41. Rd6 Ne6 42. Rxa6 bxa4 43. Rxa4 Rd8 44. Rg4 Rd5 45. Kb3 Rd1 46. Kc4 Rg1 47. Bd2 h5 48. Rg3 Rf1 49. Be3 Rb1 50. b3 Ke8 51. Rf3 Re1 52. Kd5 Rd1+ 53. Ke4 Rb1 54. Rh3 Rxb3 55. Rxh5 Kf8 56. Rh8+ Kg7 57. Rc8 Rb2 58. Kf3 Rb3 59. h4 Nd4+ 60. Ke4 Rb4 61. Bg5 Ne6+ 62. Kf5 Nd4+ 63. Kg4 Nc6+ 64. Kg3 Nxe5 65. Rxc5 1/2-1/2

[Event "30th Cracovia Festival-A 2019"]
[Site "Krakow"]
[Date "2019.12.27"]
[Round "1.19"]
[White "Ramondino, Renzo"]
[Black "Farkas, Gabor"]
[Result "1-0"]
[WhiteElo "2186"]
[BlackElo "2357"]
[Annotator "NA"]
[PlyCount "103"]
[EventDate "2019.12.27"]
[EventCountry "POL"]
[SourceTitle "playchess.com"]
[Source "ChessBase"]
[SourceQuality "1"]

1. Nf3 Nf6 2. c4 c6 3. Nc3 d5 4. e3 g6 5. Be2 Bg7 6. O-O O-O 7. Qb3 b6 8. a4 a6 9. d4 Bf5 10. Ne5 Be6 11. Bd2 Ne8 12. cxd5 cxd5 13. Bf3 Bxe5 14. dxe5 d4 15. Nd5 Nc6 16. e4 Nxe5 17. Bh6 Ng7 18. Rfd1 Bxd5 19. exd5 Qd6 20. Bf4 Nxf3+ 21. Qxf3 Qb4 22. Be5 Nf5 23. g4 f6 24. Bc7 Ng7 25. a5 bxa5 26. Bxa5 Qb5 27. Rxd4 Qxb2 28. Bc3 Qb7 29. Qe4 Rac8 30. Bb4 Rfe8 31. Re1 Rc7 32. h4 e5 33. dxe6 Nxe6 34. Qd3 Kf7 35. Rde4 Rd7 36. Qe3 Qd5 37. Qh6 Rh8 38. Rxe6 Qxe6 39. Rxe6 Kxe6 40. Qe3+ Kf7 41. Qb3+ Kg7 42. Qe6 Rf7 43. g5 Ra8 44. gxf6+ Kg8 45. Be7 a5 46. Qd5 Re8 47. Kg2 a4 48. Kg3 h5 49. Qc4 Rb8 50. Qe4 Kh7 51. Qxa4 Rb6 52. Qe8 1-0

[Event "30th Cracovia Festival-A 2019"]
[Site "Krakow"]
[Date "2019.12.27"]
[Round "1.20"]
[White "Sabuk, Piotr"]
[Black "Jaskolka, Tomasz"]
[Result "1-0"]
[WhiteElo "2354"]
[BlackElo "2181"]
[Annotator "NA"]
[PlyCount "63"]
[EventDate "2019.12.27"]
[EventCountry "POL"]
[SourceTitle "playchess.com"]
[Source "ChessBase"]
[SourceQuality "1"]

1. d4 Nf6 2. c4 g6 3. Nc3 d5 4. Nf3 Bg7 5. h4 c5 6. dxc5 Na6 7. cxd5 Nxc5 8. Qd4 b6 9. e4 O-O 10. e5 Ng4 11. h5 f6 12. Bc4 Nxe5 13. Nxe5 fxe5 14. Qh4 Bf5 15. Bg5 Bf6 16. Rd1 b5 17. d6+ bxc4 18. dxe7 Qxe7 19. Nd5 Qb7 20. Nxf6+ Rxf6 21. Bxf6 Nd3+ 22. Kf1 Nf4 23. f3 Qxb2 24. Qxf4 Bd3+ 25. Rxd3 Qb1+ 26. Kf2 Qb6+ 27. Qe3 cxd3 28. Bxe5 Rc8 29. Qxb6 axb6 30. hxg6 Rc2+ 31. Kg3 hxg6 32. a3 1-0

[Event "30th Cracovia Festival-A 2019"]
[Site "Krakow"]
[Date "2019.12.27"]
[Round "1.21"]
[White "Kucharska, Honorata"]
[Black "Plichta, Kamil"]
[Result "0-1"]
[WhiteElo "2179"]
[BlackElo "2353"]
[Annotator "NA"]
[PlyCount "80"]
[EventDate "2019.12.27"]
[EventCountry "POL"]
[SourceTitle "playchess.com"]
[Source "ChessBase"]
[SourceQuality "1"]

1. e4 Nf6 2. d3 d5 3. e5 Nfd7 4. Nf3 Nb6 5. g3 Bg4 6. Bg2 e6 7. O-O c5 8. Nbd2 Nc6 9. h3 Bh5 10. Re1 Qc7 11. g4 Bg6 12. Nf1 Be7 13. Bf4 Na4 14. Rb1 b5 15. Ng3 Nb6 16. h4 h6 17. h5 Bh7 18. Qe2 Nd4 19. Qd2 Nxf3+ 20. Bxf3 Qd8 21. Rbc1 O-O 22. Kh2 a5 23. Rg1 c4 24. d4 f6 25. Bg2 fxe5 26. Bxe5 Nd7 27. f4 Nxe5 28. dxe5 Bb4 29. c3 Bc5 30. Rgf1 Bd3 31. Kh3 Bxf1 32. Rxf1 Qe7 33. f5 Rad8 34. Qf4 Qg5 35. Qf3 Be7 36. Bh1 d4 37. Ne4 Qh4+ 38. Kg2 dxc3 39. bxc3 Rd3 40. Qf4 Bg5 0-1

[Event "30th Cracovia Festival-A 2019"]
[Site "Krakow"]
[Date "2019.12.27"]
[Round "1.22"]
[White "Belous, Mikhail"]
[Black "Krzywda, Andrzej"]
[Result "1-0"]
[WhiteElo "2349"]
[BlackElo "2178"]
[Annotator "NA"]
[PlyCount "81"]
[EventDate "2019.12.27"]
[EventCountry "POL"]
[SourceTitle "playchess.com"]
[Source "ChessBase"]
[SourceQuality "1"]

1. d4 Nf6 2. c4 e6 3. Nf3 d5 4. Nc3 Be7 5. Bg5 h6 6. Bh4 O-O 7. e3 b6 8. cxd5 exd5 9. Bd3 Be6 10. O-O Nbd7 11. Rc1 c5 12. Qe2 c4 13. Bb1 Re8 14. Ne5 Nxe5 15. dxe5 Nd7 16. Bxe7 Qxe7 17. f4 f5 18. g4 g6 19. gxf5 gxf5 20. Qh5 Rf8 21. Kf2 Kh7 22. Rg1 Qf7 23. Qxf7+ Rxf7 24. Rcd1 Rc8 25. Nxd5 b5 26. Nc3 Nc5 27. Rd6 Rg8 28. Rxg8 Kxg8 29. Rc6 b4 30. Ne2 Nd3+ 31. Bxd3 cxd3 32. Rxe6 Rc7 33. Rd6 dxe2 34. Kxe2 h5 35. Kd3 Rc1 36. Rh6 Ra1 37. Rxh5 Rxa2 38. Kc2 a5 39. Rxf5 a4 40. e6 a3 41. e7 1-0